000 00587nam a22002297a 4500
003 UA-OsUOA
001 86855
007 ta
008 20120912b un ||||| |||| 00| 0 ukr d
100 _aЗабарко Б. М.
090 _a94(430)
_bЗ-12
942 _cBK
040 _aUA-OsUOA
_bukr
_cUA-OsUOA
_dUA-OsUOA
245 _aПідпал Рейстагу: правда і міфи
300 _a48 с.
955 _a2
041 _aukr
080 _a94(430)
260 _aК.
_c1990
650 7 _a9 Географія. Біографії. Історія
_2UDC
999 _c373024
_d373024